Culture générale #2 - Statistiques

Statistiques générales
  • Ce quiz a été pris 3 182 fois
  • Le résultat moyen est 9 sur 14
Statistiques - réponses
Hint Réponse % Correct
Quel est le plus grand désert au monde? désert du Sahara
91%
Quel pays est communément appelée «pays du Soleil levant»? Japon
91%
Qui a été le premier président des États-Unis? George Washington
77%
Le rouble est la devise de quel pays? Russie
74%
Qui est le fondateur de Facebook? Mark Zuckerberg
73%
Quel est la ville la plus peuplée au monde? Tokyo (37 730 064 habitants)
70%
Quelle est la plus longue rivière au monde? Le Nil
69%
Quel surnom est donné à la ville de New York? The Big Apple
64%
Quelle ville est considérée comme le berceau de la démocratie? Athènes
62%
Quelle est la devise du Royaume-Uni? Livre Sterling
56%
Quels sont les 5 premiers chiffres de Pi ? 3.1415
52%
Quel dictateur libyen a été assassiné lors du Printemps arabe de 2011? Mouammar Kadhafi
41%
Quel est le revenu annuel moyen d'un canadien? (par tranches de 5000$) $ 36,520
34%
Quel est l'ancien nom de la ville de Montréal? Ville-Marie
6%
Aucun quiz correspondant
Distribution des résultats
% des personnes avec chaque résultat
Percentile par nombre de réponses
Votre historique - résultats
Vous n’avez pas pris ce quiz